000 00313nam a22001457a 4500
008 210225b ||||| |||| 00| 0 eng d
020 _a9780471383116
041 _aeng
080 _23rd
_a541
082 _a541
100 _a12
101 _aKIM
245 _aPhysical Chemistry
_cAlberty, S
942 _2udc
_cBK
999 _c55221
_d55221